000 00721nam a2200229 a 4500
001 13071
003 BD-RjUL
005 20211208235412.0
008 170531s19561653nyua 000 0 eng
020 _a0064600866
035 _a(BD-RjUL)13121
040 _aDLC
_cFJ
_dOCoLC
_dDLC
_beng
041 _aeng
082 _223
_a604.2
_bLOE 1956
100 1 _aLombardo, Josef Vincent.
_940728
245 1 0 _aEngineering drawing /
_cJosef Vincent Lombardo, Lewis O. Johnson [and] W. Irwin Short. Albert J. Lombardo, editor.
260 _aNew York :
_bBarnes & Noble ,
_c[c1956]
300 _a432 p. :
_billus. ;
_c21 cm.
650 0 _aTechnical drawing.
_939731
942 _2ddc
_cBK
999 _c13071
_d13071